000 00371pam a2200157a 44500
008 230515b1997 xxu||||| |||| 00| 0 eng d
020 _a0
041 _aENGLISH
082 _a612/CHA
100 _aCHAUDHARI S.K.
245 _aCONCISE MEDICAL PHYSIOLOGY
250 _a2
260 _aDELHI
_bNEW CENTRAL BOOK AGENCY (P) LTD.
_c1997
300 _a688
650 _aN.D.
999 _c485059
_d485059